| 000 | 01337nam a2200325 i 4500 | ||
|---|---|---|---|
| 003 | EG-ScBUE | ||
| 005 | 20231129101331.0 | ||
| 008 | 210922k20042006ye ao f 000 0aara d | ||
| 017 | _a2000 / 19 | ||
| 040 |
_aEG-ScBUE _bara _erda _cEG-ScBUE _dEG-ScBUE |
||
| 043 | _aa-ye--- | ||
| 082 | 0 | 4 |
_a953.305092 _bل ح و _222 |
| 100 | 1 |
_aأبو لحوم، سنان، _eمؤلف. |
|
| 245 | 1 | 0 |
_aاليمن : _bحقائق ووثائق عشتها / _cسنان أبو لحوم. |
| 250 |
_aالطبعة الثالثة، _bمزيدة ومنقحة. |
||
| 264 | 1 |
_aصنعاء : _bمؤسسة العفيف الثقافية، _c2004-2006. |
|
| 300 |
_a3 مجلدات : _bإيضاحيات، صور ؛ _c24 سم |
||
| 336 |
_2rdacontent _aنص _btxt |
||
| 337 |
_2rdamedia _aبدون وسيط _bn |
||
| 338 |
_2rdacarrier _aمجلد _bnc |
||
| 500 | _aيشتمل على ملحق بالصور. | ||
| 505 | 0 | _aالجزء الأول. 1943-1962 م -- الجزء الثاني. 1962-1974 م -- الجزء الثالث. 1974-1990م. | |
| 541 |
_cDonation ; _aMedhat Abo El-Fadl. |
||
| 600 | 1 | 7 |
_aأبو لحوم، سنان. _2BUEsh |
| 650 | 7 |
_aالسياسيون اليمنيون _vتراجم. _2BUEsh |
|
| 651 | 7 |
_aاليمن _xتاريخ _yالعصر الحديث. _2BUEsh |
|
| 653 |
_bGGEN _cSeptember2021 |
||
| 655 | _vReading book | ||
| 942 | _2ddc | ||
| 999 |
_c29458 _d29429 |
||